Rūdolfs Blaumanis kā Rīgas Latviešu teātra recenzents laikrakstā 'Zeitung für Stadt und Land' (1887-1894)

Titel: Rūdolfs Blaumanis kā Rīgas Latviešu teātra recenzents laikrakstā 'Zeitung für Stadt und Land' (1887-1894) / Dārta Dzenīte
In: Rūdolfs Blaumanis: teksts un konteksts, (2013), Seite 261-269
alle Artikel anzeigen
Veröffentlicht: 2013
Format: Aufsatz
Sprache: Lettisch
Schlagworte:
Kein Bild verfügbar
X
alg: 46973542
001A    $03025:22-09-20 
001B    $01999:22-09-20 $t22:39:27.000 
001D    $03025:22-09-20 
001U    $0utf8 
001X    $00 
002@    $0Aou 
002C    $aText $btxt $2rdacontent 
002D    $aohne Hilfsmittel zu benutzen $bn $2rdamedia 
002E    $aBand $bnc $2rdacarrier 
003@    $0469735422 
007A    $0469735422 $aHEB 
010@    $alav 
010E    $erda 
011@    $a2013 $n2013 
021A    $aRūdolfs Blaumanis kā Rīgas Latviešu teātra recenzents laikrakstā 'Zeitung für Stadt und Land' (1887-1894) $hDārta Dzenīte 
031A    $h261-269 $j2013 
039B    $aEnthalten in $8--Aau--. Rūdolfs Blaumanis: teksts un konteksts. - Rīga : LU Akadēmiskais apgāds, 2013. - 486 Seiten. - Illustrationen, Karten. - ISBN 978-9984-45-781-9 $x201300000000000739 $9462979644 
044K    $#Blauman, R. $#Blauman, Rudolʹf $#Blaumanis, Rudolʹf $#Blaumann, Rudolf $7118511610 $8Blaumanis, Rūdolfs$Z1863-1908 [Tp1] $9086852744 
044K    $713567221X $8Ruetz, Richard$Z1850-1915 [Tp1] $9201442272 
044K    $8Akmentiņa, Dace$Z1858-1936 [Tp1] $9467177554 
044K    $#Riga $#Rīga $#Ryga $#Riega $#Riga in Lieffland $#Rigae Livonum $#Rygae $#Righa $74050042-1 $8Riga [Tg1] $9085139726 
044K    $RLiteraturkritik $#Dramatic criticism $#Critique dramatique $#Crítica teatral $#Theaterkritik $#Theater Kritik $74059714-3 $8Theaterkritik [Ts1] $9085166154 
044K    $#Baltendeutsche $#Deutsche Baltikum $74011593-8 $8Deutschbalten [Ts1] $9085023647 
044K    $RMassenmedien $RPublizistik $#Press $#Presse $#Stampa $#Prensa $#presses $#Presseverlag $#Presse $#Pressewesen $74047150-0 $8Presse [Ts1] $9085131547 
045F    $a070.9 $eDDC23BSB 
045F/01 $a070.9 
045F/03 $f09034 
045F/03 $g4796 
045R    $aGeistesgeschichte 1887-1894 
046L    $aEnglische Zusammenfassung unter dem Titel: Rūdolfs Blaumanis as a reviewer of the Riga Latvian Theatre for the newspaper 'Zeitung für Stadt und Land' from 1887 to 1894 

lok: 46973542 78

exp: 46973542 78 1 #EPN
201B/01 $022-09-20 $t14:38:48.000 
201C/01 $022-09-20 
201U/01 $0utf8 
203@/01 $01123683530 
208@/01 $a22-09-20 $be 
209A/01 $a/ $f000 $x00 
209A/01 $ab*p $x01 
220C/01 $akoe 
247C/01 $82080>Marburg/Lahn, Herder-Institut, Forschungsbibliothek, Bibliographieportal $9336309341
LEADER 00000caa a2200000 c 4500
001 469735422
003 DE-603
005 20200922223927.0
007 tu
008 200922s2013 xx |||| | u00||u|lav c
035 |a (DE-599)HEB469735422 
040 |a DE-603  |b ger  |c DE-603  |d DE-603  |e rda 
041 |a lav 
082 0 4 |8 1\u  |a 070.9  |q DE-101  |2 23/BSB 
085 |8 1\u  |b 070.9 
085 |8 1\u  |z 1  |s 09034 
085 |8 1\u  |z 2  |s 4796 
245 0 0 |a Rūdolfs Blaumanis kā Rīgas Latviešu teātra recenzents laikrakstā 'Zeitung für Stadt und Land' (1887-1894)  |c Dārta Dzenīte 
264 0 |c 2013 
336 |a Text  |b txt  |2 rdacontent 
337 |a ohne Hilfsmittel zu benutzen  |b n  |2 rdamedia 
338 |a Band  |b nc  |2 rdacarrier 
546 |a Englische Zusammenfassung unter dem Titel: Rūdolfs Blaumanis as a reviewer of the Riga Latvian Theatre for the newspaper 'Zeitung für Stadt und Land' from 1887 to 1894 
600 1 7 |a Blaumanis, Rūdolfs  |d 1863-1908  |0 (DE-588)118511610  |0 (DE-603)086852744  |2 gnd 
600 1 7 |a Ruetz, Richard  |d 1850-1915  |0 (DE-588)13567221X  |0 (DE-603)201442272  |2 gnd 
600 1 7 |a Akmentiņa, Dace  |d 1858-1936  |0 (DE-588)1214408591  |0 (DE-603)467177554  |2 gnd 
648 7 |a Geistesgeschichte 1887-1894  |2 gnd 
650 7 |a Theaterkritik  |0 (DE-588)4059714-3  |0 (DE-603)085166154  |2 gnd 
650 7 |a Deutschbalten  |0 (DE-588)4011593-8  |0 (DE-603)085023647  |2 gnd 
650 7 |a Presse  |0 (DE-588)4047150-0  |0 (DE-603)085131547  |2 gnd 
651 7 |a Riga  |0 (DE-588)4050042-1  |0 (DE-603)085139726  |2 gnd 
773 0 8 |i Enthalten in  |t Rūdolfs Blaumanis: teksts un konteksts  |d Rīga : LU Akadēmiskais apgāds, 2013  |h 486 Seiten, Illustrationen, Karten  |z 9789984457819  |g (2013), Seite 261-269  |w (DE-603)462979644 
924 0 |9 2080  |a (DE-603)1123683530  |b DE-2080  |c HES  |d d  |g /